| 000 | 00582nam a2200229Ia 4500 | ||
|---|---|---|---|
| 005 | 20260320201514.0 | ||
| 008 | 008 262003s9999 xx 000 0 eng d | ||
| 037 | _aEBOOK | ||
| 040 | _aCRL | ||
| 040 | _beng | ||
| 040 | _cCRL | ||
| 041 | _2eng | ||
| 041 | _aeng | ||
| 084 | _qCRL | ||
| 100 |
_aYanofsky _9879052 |
||
| 245 | 4 | _aThe Outer Limits of Reason: What Science, Mathematics, and Logic Cannot Tell Us | |
| 260 | _bIEEE | ||
| 856 | _uhttps://ieeexplore.ieee.org/servlet/opac?bknumber=6642245 | ||
| 942 | _cEBOOK | ||
| 999 |
_c1721665 _d1721665 |
||